| 000 | 00583nam a2200217 a 4500 | ||
|---|---|---|---|
| 005 | 20240924071217.0 | ||
| 008 | 030220s1999 mx r 000 0 spa d | ||
| 020 | _a8424159756 | ||
| 035 | _aUPN01000122101 | ||
| 049 | _aI | ||
| 050 | 4 |
_aPN1008 _bS3.6 |
|
| 100 | 1 | _aSalmerón, Carmela | |
| 245 | 1 | 0 |
_aNariz de serpiente / _cCarmela Salmerón. |
| 260 |
_aLeón, Esp. : _bEverest, _c1999. |
||
| 300 |
_a48 p. : _bil., col. |
||
| 440 | 0 | _aMontaña encantada | |
| 650 | 4 |
_aLiteratura infantil _94445 |
|
| 650 | 4 |
_aCuentos infantiles _96744 |
|
| 902 | _aGPR/pgv | ||
| 905 | _aInfantil | ||
| 999 |
_c94302 _d94302 |
||